[Event "Open A"]
[Site "Prague CZE"]
[Date "2008.01.14"]
[Round "4"]
[White "Sveshnikov,E"]
[Black "Trichkov,V"]
[Result "1/2-1/2"]
[WhiteElo "2506"]
[BlackElo "2356"]

1.e4 c5 2.c3 Nf6 3.e5 Nd5 4.Nf3 d6 5.d4 cxd4 6.Qxd4 e6 7.Nbd2 a6 8.Nc4 Nc6
9.Qe4 dxe5 10.Ncxe5 Nxe5 11.Nxe5 Qc7 12.Bd3 Bd6 13.Nc4 Be7 14.O-O b5 15.Ne5 Bb7
16.Re1 Bd6 17.Qe2 Rd8 18.Nf3 Bf4 19.g3 Bxc1 20.Raxc1 Nf6 21.Ne5 O-O 22.c4 Ba8
23.cxb5 Qb7 24.f3 axb5 25.Bxb5 Qa7+ 26.Qf2 Qxa2 27.Bc6 Nd5 28.Ra1 Qb3 29.Ra3 Qb4
30.Rea1 Qd6 31.Rxa8 Qxe5 32.Rxd8 Rxd8 33.Rd1 Rb8 34.Bxd5 exd5 35.Qd4 Qxd4+
36.Rxd4 Rxb2 37.Rxd5  1/2-1/2

[Event "ch-CRO"]
[Site "Split CRO"]
[Date "2008.01.16"]
[Round "1"]
[White "Stevic,H"]
[Black "Hulak,K"]
[Result "1-0"]
[WhiteElo "2531"]
[BlackElo "2552"]

1.e4 c5 2.c3 Nf6 3.e5 Nd5 4.d4 cxd4 5.Nf3 e6 6.cxd4 d6 7.Bc4 Nc6 8.O-O Be7
9.Qe2 O-O 10.Re1 Bd7 11.Nc3 Ncb4 12.Ne4 dxe5 13.dxe5 Rc8 14.Bg5 Bxg5 15.Nexg5 h6
16.Ne4 Nf4 17.Qd2 Rxc4 18.Qxf4 Kh8 19.Rad1 Nd5 20.Qd2 Qc7 21.Nf6 Rc8 22.Nxd5 exd5
23.Nd4 Qb6 24.b3 Rc3 25.Re3 Rxe3 26.Qxe3 Qa5 27.a4 Qb4 28.h3 a6 29.Kh2 Rc3
30.Qd2 Qc5 31.Re1 Qc7 32.f4 Kg8 33.Kh1 b5 34.axb5 axb5 35.f5 b4 36.e6 fxe6
37.fxe6 Be8 38.e7 Qd7 39.Qf4 Kh7 40.Ne6  1-0

[Event "6th Parsvnath Open"]
[Site "New Delhi IND"]
[Date "2008.01.17"]
[Round "7"]
[White "Shrestha,K"]
[Black "Udeshi,A"]
[Result "1/2-1/2"]
[WhiteElo "2154"]
[BlackElo "2331"]

1.e4 c5 2.c3 Nf6 3.e5 Nd5 4.d4 e6 5.Nf3 cxd4 6.cxd4 b6 7.Be2 Be7 8.O-O O-O
9.Bd2 Bb7 10.Nc3 Nxc3 11.Bxc3 d6 12.exd6 Bxd6 13.Ne5 Nd7 14.Nxd7 Qxd7 15.Bf3 Rfd8
16.Bxb7 Qxb7 17.Qg4 Qd5 18.Rfe1 Rac8 19.Re3 Be7 20.Rf3 Qg5 21.Qxg5 Bxg5 22.Rd3 Rd5
23.Rad1 b5 24.Kf1 Rc4 25.a3 Be7 26.Ke2 h6 27.g3 Bd8 28.Re3 Bc7 29.Red3 Bb6
30.b3 Rc8 31.f4 h5 32.Kf3 Bd8 33.Bb4 Bb6 34.Ke4 a5 35.Be1 Rc2 36.R1d2 f5+
37.Ke3 Rc1 38.Rd1 Bxd4+ 39.Ke2 Rxd1 40.Rxd1 Bc5 41.Rxd5 exd5 42.Bxa5 Bxa3
43.Bb6 Kf7 44.Kd3 Ke6 45.h3 Be7 46.Bd4 g6 47.h4 Kd7 48.Kc3 b4+ 49.Kd3 Bd6
50.Ke3 Ke6 51.Kf3 Be7 52.Ke3 Bf8 53.Kf3 Kd6 54.Ke3 Kc6 55.Kf3 Bc5 56.Ke3 Be7
57.Kf3 Kd6 58.Ke3 Ke6 59.Kf3 Kd7 60.Ke3 Bd8 61.Kf3 Bc7 62.Ke3 Bd6 63.Kf3 Kc7  1/2-1/2

[Event "ch-CRO"]
[Site "Split CRO"]
[Date "2008.01.18"]
[Round "3"]
[White "Stevic,H"]
[Black "Palac,M"]
[Result "1/2-1/2"]
[WhiteElo "2531"]
[BlackElo "2575"]

1.e4 c5 2.c3 Nf6 3.e5 Nd5 4.d4 cxd4 5.Nf3 Nc6 6.cxd4 d6 7.Bc4 dxe5 8.dxe5 Ndb4
9.a3 Qxd1+ 10.Kxd1 Na6 11.b4 Bg4 12.Bb2 Nc7 13.Nd2 e6 14.Ke2 O-O-O 15.Rac1 Bh5  1/2-1/2

[Event "ch-Kyiv Men"]
[Site "Kyiv UKR"]
[Date "2008.01.19"]
[Round "1"]
[White "Ovcharov,T"]
[Black "Moiseev,Ig"]
[Result "0-1"]
[WhiteElo "1880"]
[BlackElo "2243"]

1.e4 c5 2.c3 Nf6 3.e5 Nd5 4.g3 d6 5.exd6 Qxd6 6.Bg2 Nc6 7.Na3 Bf5 8.Nb5 Qe6+
9.Qe2 O-O-O 10.Qxe6+ fxe6 11.Nf3 h6 12.d4 Bd3 13.Na3 cxd4 14.Nxd4 Nxd4 15.cxd4 g5
16.Be3 Bg7 17.Rc1+ Kb8 18.Nc4 Nxe3 19.fxe3 Rc8 20.b3 b5 21.Kd2 bxc4 22.bxc4 Bxc4
23.Rb1+ Kc7 24.Rb7+ Kd6 25.Rxa7 Rhf8 26.Rb1  0-1

[Event "GMA2"]
[Site "Marianske Lazne CZE"]
[Date "2008.01.19"]
[Round "1"]
[White "Hedman,E"]
[Black "Shytaj,L"]
[Result "1/2-1/2"]
[WhiteElo "2396"]
[BlackElo "2471"]

1.e4 c5 2.c3 Nf6 3.e5 Nd5 4.Nf3 Nc6 5.d4 cxd4 6.cxd4 d6 7.Bc4 Nb6 8.Bb5 dxe5
9.Nxe5 Bd7 10.Nxd7 Qxd7 11.Nc3 e6 12.O-O Rd8 13.Qf3 Be7 14.Rd1 O-O 15.Be3 a6
16.Bxc6 bxc6 17.Rac1 Nd5 18.Na4 Rb8 19.b3 Rb5 20.Bd2 Rd8 21.Rc4 Ba3 22.Rb1 Rdb8
23.h3 a5 24.Qe4 Rd8 25.Bc1 Be7 26.Bd2 Ba3 27.Bc1 Be7 28.Bd2  1/2-1/2

[Event "TCh-BEL 2007-8"]
[Site "Belgium BEL"]
[Date "2008.01.20"]
[Round "7"]
[White "Lemmers,O"]
[Black "Kveinys,A"]
[Result "1/2-1/2"]
[WhiteElo "2386"]
[BlackElo "2521"]

1.e4 c5 2.c3 Nf6 3.e5 Nd5 4.Nf3 d6 5.Bc4 e6 6.d4 cxd4 7.cxd4 Nc6 8.O-O Be7
9.a3 O-O 10.Re1 Bd7 11.Bd3 Qc7 12.Bd2 f5 13.exd6 Bxd6 14.Nc3 Nxc3 15.Bxc3 Ne7
16.Rc1 Qb6 17.Ne5 Bxe5 18.dxe5 Bb5 19.Bxb5 Qxb5 20.Qd6 Nd5 21.Qxe6+  1/2-1/2

[Event "GMA2"]
[Site "Marianske Lazne CZE"]
[Date "2008.01.22"]
[Round "4"]
[White "Kristjansson,St"]
[Black "Hedman,E"]
[Result "1/2-1/2"]
[WhiteElo "2476"]
[BlackElo "2396"]

1.e4 c5 2.c3 Nf6 3.e5 Nd5 4.Nf3 e6 5.d4 cxd4 6.cxd4 d6 7.Bc4 Nc6 8.a3 Be7
9.O-O O-O 10.Qe2 Qb6 11.Rd1 Na5 12.Bxd5 exd5 13.Nc3 Be6 14.Bg5 Rfe8 15.Bxe7  1/2-1/2

[Event "6th Gibtelecom Masters"]
[Site "Gibraltar ENG"]
[Date "2008.01.23"]
[Round "2"]
[White "Munz,J"]
[Black "Kozlov,O"]
[Result "0-1"]
[WhiteElo "1861"]
[BlackElo "2144"]

1.e4 c5 2.c3 Nf6 3.e5 Nd5 4.d4 cxd4 5.cxd4 e6 6.Nf3 d6 7.exd6 Bxd6 8.Bd3 Nd7
9.O-O b6 10.Nc3 Nxc3 11.bxc3 Bb7 12.Bc2 Rc8 13.Qd3 Qc7 14.Bd2 Nf6 15.Rfe1 Bf4
16.Ba4+ Ke7 17.Bxf4 Qxf4 18.Rac1 Bxf3 19.gxf3 Rhd8 20.Bb3 Rc5 21.Qe3 Rg5+
22.Kh1 Qh4 23.Bxe6 Kf8 24.Bxf7 Kxf7 25.Qe7+ Kg6 26.Rg1 Rd7 27.Qe6 h6 28.Rxg5+ hxg5
29.Kg2 Qf4 30.Re1 Qf5 31.Qc6 Qd5 32.Qc8 Rd8 33.Qc7 Qd7 34.Qc4 Nd5 35.Re5 Nf4+
36.Kg1 Rc8 37.Qb4 Qh3 38.Qd6+ Kh7 39.Rxg5 Ne2+ 40.Kh1 Qf1+  0-1

[Event "IMB1"]
[Site "Marianske Lazne CZE"]
[Date "2008.01.23"]
[Round "6"]
[White "Sveshnikov,V"]
[Black "Kozhuharov,S"]
[Result "1/2-1/2"]
[WhiteElo "2392"]
[BlackElo "2456"]

1.e4 c5 2.c3 Nf6 3.e5 Nd5 4.Nf3 e6 5.d4 cxd4 6.cxd4 b6 7.Nc3 Nxc3 8.bxc3 Qc7
9.Bd2 Bb7 10.Bd3 d6 11.O-O Nd7 12.Bf4 Be7 13.Re1 O-O 14.Rc1 Rad8 15.exd6 Bxd6
16.Bxd6 Qxd6 17.Be4  1/2-1/2

[Event "6th Gibtelecom Masters"]
[Site "Gibraltar ENG"]
[Date "2008.01.24"]
[Round "3"]
[White "Vinas Guerrero,C"]
[Black "Zhao Xue"]
[Result "0-1"]
[WhiteElo "2129"]
[BlackElo "2517"]

1.e4 c5 2.c3 Nf6 3.e5 Nd5 4.d4 cxd4 5.Nf3 Nc6 6.cxd4 d6 7.Bc4 Nb6 8.Bb5 d5
9.Nh4 e6 10.Nf3 Bd7 11.Nc3 Be7 12.O-O O-O 13.Re1 Rc8 14.Bd3 Kh8 15.h4 Bxh4
16.Nxh4 Qxh4 17.Re3 f5 18.exf6 Qxf6 19.Rh3 g6 20.Nb5 e5 21.Rxh7+ Kxh7 22.Qh5+ Kg7
23.Qh6+ Kg8 24.Bxg6 Qg7 25.Qh5 Rf6  0-1

[Event "Open"]
[Site "Marianske Lazne CZE"]
[Date "2008.01.24"]
[Round "7"]
[White "Gajic,Ml"]
[Black "Kulicov,O"]
[Result "0-1"]
[WhiteElo "2135"]
[BlackElo "2405"]

1.e4 c5 2.c3 Nf6 3.e5 Nd5 4.d4 cxd4 5.Nf3 e6 6.cxd4 d6 7.Bc4 Nc6 8.O-O Be7
9.Qe2 O-O 10.Rd1 Na5 11.exd6 Qxd6 12.Bxd5 Qxd5 13.Nc3 Qc4 14.Qe4 Nc6 15.Ne5 Nxe5
16.dxe5 Qxe4 17.Nxe4 Rd8 18.Bg5 Bxg5 19.Nxg5 Bd7 20.f4 Bc6 21.Kf2 Bd5 22.Nf3 Rac8
23.Nd4 Kf8 24.g3 Ke7 25.Ke3 h6 26.Rac1 a6 27.b4 f6 28.exf6+ Kxf6 29.Ne2 g5
30.Rf1 Ke7 31.fxg5 hxg5 32.h4 Rxc1 33.Rxc1 gxh4 34.gxh4 Rh8 35.Nf4 Kd6 36.Nxd5 Kxd5
37.h5 Ke5 38.Rh1 Rh6 39.a4 b6 40.Rh3 Kd5 41.Kf4 e5+ 42.Kg5 Rh8 43.h6 e4 44.Kg6 Kc4
45.Kg7 Re8 46.Rh2 Kc3 47.Rh1 Kc2 48.Ra1 e3 49.b5 axb5 50.axb5 e2 51.h7 Kd2
52.h8=Q Rxh8 53.Kxh8 e1=Q 54.Rxe1 Kxe1 55.Kg7 Kd2 56.Kf6 Kc3  0-1

[Event "ch-CRO"]
[Site "Split CRO"]
[Date "2008.01.24"]
[Round "8"]
[White "Stevic,H"]
[Black "Kozul,Z"]
[Result "1-0"]
[WhiteElo "2531"]
[BlackElo "2600"]

1.e4 c5 2.c3 Nf6 3.e5 Nd5 4.Nf3 Nc6 5.d4 cxd4 6.cxd4 d6 7.Bc4 e6 8.O-O Be7
9.exd6 Qxd6 10.Nc3 O-O 11.Re1 a6 12.Bb3 Rd8 13.Nxd5 exd5 14.Ne5 Nxe5 15.Bf4 Qb6
16.Bxe5 Be6 17.Rc1 Bd6 18.Bxd6 Rxd6 19.Re3 a5 20.Ba4 Qd8 21.Rb3 Rb8 22.Qd2 h5
23.Qf4 h4 24.h3 g5 25.Qe5 Rc8 26.Rxc8 Bxc8 27.Rc3 f6 28.Qe1 Be6 29.Re3 Bf7
30.Re7 Rb6 31.Be8  1-0

[Event "ch-Reykjavik"]
[Site "Reykjavik ISL"]
[Date "2008.01.25"]
[Round "9"]
[White "Thorgeirsson,S"]
[Black "Kristinsson,Bj"]
[Result "1-0"]
[WhiteElo "2120"]
[BlackElo "1822"]

1.e4 c5 2.c3 Nf6 3.e5 Nd5 4.d4 cxd4 5.Nf3 Nc6 6.cxd4 d6 7.Bc4 Nb6 8.Bb5 dxe5
9.Nxe5 Bd7 10.Nxd7 Qxd7 11.Nc3 e6 12.O-O Be7 13.Qg4 Bf6 14.Rd1 h5 15.Qf3 O-O-O
16.Be3 Nd5 17.Ne4 Kb8 18.Nc5 Qd6 19.Rac1 Rc8 20.Ne4 Qe7 21.Bxc6 Rxc6 22.Rxc6 bxc6
23.Bf4+ Nxf4 24.Qxf4+ e5 25.Qg3 Rd8 26.Nxf6 Qxf6 27.Qb3+ Kc7 28.Qa4 Kb7 29.dxe5 Rxd1+
30.Qxd1 Qxe5 31.b3 g6 32.h3 Qd5 33.Qe2 a5 34.Kh2 Kb6 35.g3 Kc5 36.Qe7+ Kb6
37.Qe3+ Qc5 38.Qf4 Qd5 39.Qb8+ Kc5 40.a3 Kd4 41.b4 Kc4 42.bxa5 Qxa5 43.Qf4+ Kb3
44.Qf3+ Ka2 45.Qxf7+ Kxa3 46.Qf3+ Kb4 47.Qxc6 Qf5 48.Kg2 Kb3 49.Qf3+ Kc4
50.Qxf5 gxf5 51.Kf3 Kd5 52.Kf4 Ke6 53.Kg5  1-0

[Event "6th Gibtelecom Masters"]
[Site "Gibraltar ENG"]
[Date "2008.01.26"]
[Round "5"]
[White "Tscharotschkin,M"]
[Black "Bellon Lopez,JuM"]
[Result "0-1"]
[WhiteElo "2272"]
[BlackElo "2455"]

1.e4 c5 2.c3 Nf6 3.e5 Nd5 4.d4 cxd4 5.cxd4 d6 6.Nf3 e6 7.a3 Bd7 8.Bd3 Bc6
9.O-O Nd7 10.b4 a6 11.Nbd2 Nc3 12.Qc2 Rc8 13.Qxc3 Bxf3 14.Qb2 Bc6 15.Be4 Qc7
16.f4 Bb5 17.Re1 d5 18.a4 Bc4 19.Bc2 a5 20.bxa5 Qxa5 21.Re3 Bb4 22.Nxc4 Rxc4
23.Rb1 Bc3 24.Qb3 Bxd4 25.Kf1 Bxe3 26.Bxe3 Rc3  0-1

[Event "GMA2"]
[Site "Marianske Lazne CZE"]
[Date "2008.01.26"]
[Round "10"]
[White "Sveshnikov,E"]
[Black "Shytaj,L"]
[Result "1/2-1/2"]
[WhiteElo "2506"]
[BlackElo "2471"]

1.e4 c5 2.c3 Nf6 3.e5 Nd5 4.Nf3 Nc6 5.d4 cxd4 6.Bc4 Nb6 7.Bb3 d5 8.exd6 Qxd6
9.O-O Be6 10.Bxe6 Qxe6 11.Nxd4 Nxd4 12.Qxd4 Rd8 13.Qh4 h5 14.h3 Qc4 15.Qg5 Qd5
16.a4 a6 17.Qxd5 Nxd5 18.Ra3 e6 19.Rb3 Rd7 20.Nd2 Rc7 21.Nf3 Be7 22.Be3 O-O
23.Rd1 Re8 24.Kf1 f6 25.a5 Kf7 26.Ke1 Rec8 27.Ke2 Rd7 28.Rd4 e5 29.Ra4 Ke6
30.Bd2  1/2-1/2

[Event "ch-Kyiv Men"]
[Site "Kyiv UKR"]
[Date "2008.01.27"]
[Round "7"]
[White "Ovcharov,T"]
[Black "Kalinkin,B"]
[Result "0-1"]
[WhiteElo "1880"]
[BlackElo "2223"]

1.e4 c5 2.c3 Nf6 3.e5 Nd5 4.g3 d6 5.exd6 e6 6.Bg2 Bxd6 7.Nf3 Nc6 8.d4 O-O
9.O-O cxd4 10.Nxd4 Nxd4 11.cxd4 Bd7 12.Nc3 Nxc3 13.bxc3 Bb5 14.Re1 Qc7 15.Qb3 Bc6
16.Bd2 b5 17.Bxc6 Qxc6 18.a4 bxa4 19.Qxa4 Qd5 20.Reb1 Rfc8 21.Rb5 Qf3 22.Qa6 Bf8
23.Rb7 Rc6 24.Qb5 a6 25.Qb2 Rcc8 26.Qb6 h5 27.h4 Bd6 28.Be1 Rc6 29.Qb3 g5
30.Ra5 gxh4 31.Rg5+ Kf8 32.gxh4 Qh3 33.Rg2 Rac8 34.d5 exd5 35.Qxd5 Qe6 36.Qxe6 fxe6
37.Bd2 R8c7 38.Rb8+ Rc8 39.Bh6+ Kf7 40.Rb7+ Kf6 41.Bg7+ Kf5 42.f3 R8c7 43.Rb1 Bf4
44.Rb4 e5 45.Re4 Rxc3 46.Bxe5 Rc1+ 47.Kf2 R1c2+ 48.Kf1 Rc1+ 49.Re1 Rxe1+
50.Kxe1 Kxe5 51.Rg8 Rc1+ 52.Kf2 Rh1 53.Re8+ Kf5 54.Ra8 Rxh4 55.Rxa6 Be5 56.Rh6 Kf4
57.Re6  0-1

[Event "IMB2"]
[Site "Marianske Lazne CZE"]
[Date "2008.01.27"]
[Round "11"]
[White "Schneider,Ve"]
[Black "Braun,P"]
[Result "1-0"]
[WhiteElo "2250"]
[BlackElo "2309"]

1.e4 c5 2.c3 Nf6 3.e5 Nd5 4.Nf3 e6 5.d4 cxd4 6.cxd4 d6 7.Bc4 Nc6 8.O-O Be7
9.Re1 O-O 10.exd6 Qxd6 11.Nc3 Nxc3 12.bxc3 b6 13.Ng5 h6 14.Ne4 Qd8 15.Qh5 Na5
16.Bd3 Qd5 17.Ng5 Bb7 18.Bh7+ Kh8 19.Be4 Qc4 20.Nxf7+ Rxf7 21.Qxf7 Bxe4 22.Qxe7 Bd5
23.Bf4 Nc6 24.Qh4 Qxc3 25.Bxh6 gxh6 26.Qxh6+ Kg8 27.Rac1 Qxd4 28.Rxe6 Bxe6
29.Qxe6+ Kg7 30.Qxc6 Rd8 31.g3 Kh7 32.Qf3 Rd7 33.Qf5+ Kg7 34.Rc6 Rf7 35.Qg5+  1-0

[Event "6th Gibtelecom Masters"]
[Site "Gibraltar ENG"]
[Date "2008.01.29"]
[Round "8"]
[White "Spence,D"]
[Black "Gibson,Ch"]
[Result "1-0"]
[WhiteElo "2198"]
[BlackElo "2019"]

1.e4 c5 2.c3 Nf6 3.e5 Nd5 4.d4 cxd4 5.cxd4 e6 6.Nf3 d6 7.Bc4 Nc6 8.O-O Be7
9.Qe2 O-O 10.exd6 Qxd6 11.Nc3 a6 12.Rd1 Nxc3 13.bxc3 b5 14.Bd3 Bb7 15.Qe4 f5
16.Qe2 Bf6 17.Bb2 Kh8 18.Re1 Rae8 19.Ne5 Bxe5 20.dxe5 Qc7 21.Ba3 Ne7 22.c4 b4
23.Bxb4 Qc6 24.f3 g5 25.Qf2 g4 26.f4 Rg8 27.Bf1 Ng6 28.Bd6 Rg7 29.g3 h5 30.c5 h4
31.Bg2  1-0

[Event "FINEC GMB"]
[Site "St Petersburg RUS"]
[Date "2008.01.29"]
[Round "6"]
[White "Vysochin,S"]
[Black "Sudakova,I"]
[Result "1/2-1/2"]
[WhiteElo "2519"]
[BlackElo "2333"]

1.e4 c5 2.c3 Nf6 3.e5 Nd5 4.Nf3 Nc6 5.Bc4 e6 6.d4 cxd4 7.cxd4 d6 8.O-O Be7
9.Qe2 O-O 10.Rd1 Na5 11.b3 b6 12.Bxd5 exd5 13.Nc3 Be6 14.Ba3 a6 15.h3 Re8
16.Rac1 b5 17.Qd2 Nc6 18.exd6 Bxd6 19.Bxd6 Qxd6 20.Ne2 Rac8 21.Rc3 b4 22.Re3 Na7
23.Re1 Rf8 24.Ng3 Nb5 25.Ne5 Na3 26.Nxf7 Qf4 27.Ne5 Rc2 28.Nd3 Rxd2 29.Nxf4 Rxf4
30.Rxe6 Rfxf2 31.R1e2 Rfxe2 32.Rxe2 Rxd4 33.Nf5 Re4 34.Rd2 g6 35.Nd6 Re5
36.Nb7 Nb5 37.Nc5 a5 38.Nb7 Nc3 39.Nxa5 Re1+ 40.Kh2 Re4 41.Nc6 Kf7 42.Rc2 Ke6
43.Nxb4 Rxb4 44.Rxc3 d4 45.Rf3 Ke5 46.Kg1 Rb7 47.Kf1 Rc7 48.Ke1 Rc1+ 49.Kd2 Ra1
50.a4 Ke4 51.Rf7 Ra2+ 52.Kc1 Kd3 53.Rf3+ Ke4 54.Kb1 Rxg2 55.Rf7 d3 56.Rd7 Ke3
57.Re7+ Kd4 58.Kc1 Kc3 59.Rc7+ Kxb3 60.a5 Ra2 61.Rxh7 d2+ 62.Kd1 Kc3 63.Rc7+ Kd3
64.Rd7+ Ke3 65.Re7+ Kd3 66.Rd7+ Ke3 67.Re7+ Kd3 68.Rd7+  1/2-1/2

[Event "6th ch-PriFO Men"]
[Site "Kazan RUS"]
[Date "2008.01.31"]
[Round "9"]
[White "Voitsekhovsky,S"]
[Black "Khismatullin,D"]
[Result "0-1"]
[WhiteElo "2493"]
[BlackElo "2564"]

1.e4 c5 2.c3 Nf6 3.e5 Nd5 4.d4 cxd4 5.Nf3 Nc6 6.cxd4 g6 7.Bc4 Nb6 8.Bb3 Bg7
9.O-O O-O 10.h3 d6 11.Qe2 Na5 12.Bc2 Be6 13.Re1 Rc8 14.Nc3 Nd5 15.Nxd5 Bxd5
16.Be4 dxe5 17.dxe5 Bxe4 18.Qxe4 Qd7 19.b3 Nc6 20.Qh4 h5 21.Ba3 Rcd8 22.Rac1 Qe6
23.Rxc6 Qxc6 24.Bxe7 Rde8 25.Bxf8 Bxf8 26.Rd1 Qc2 27.Rd7 Qc1+ 28.Kh2 Qc6
29.Rd8 Rxd8 30.Qxd8 Kg7 31.Nd4 Qb6 32.f4 Qxd8  0-1

[Event "4th Open C Women"]
[Site "Moscow RUS"]
[Date "2008.02.02"]
[Round "1"]
[White "Krestianova,Tatiana"]
[Black "Airapetian,Ta"]
[Result "1/2-1/2"]
[WhiteElo "2208"]
[BlackElo "2162"]

1.e4 c5 2.c3 Nf6 3.e5 Nd5 4.d4 cxd4 5.Nf3 Nc6 6.Bc4 Nb6 7.Bb3 d6 8.exd6 Qxd6
9.Na3 a6 10.cxd4 Be6 11.O-O g6 12.Bxe6 Qxe6 13.Re1 Qd5 14.Nc2 Bg7 15.Bg5 Qd6
16.Qe2 Nd5 17.Rad1 O-O 18.Qe4 e6 19.Qh4 Nce7 20.Ne3 Rac8 21.Bxe7 Nxe7 22.Ng5 h6
23.Ne4 Qd8 24.Nc5 Nf5 25.Nxf5 exf5 26.Qf4 Qd5 27.Nb3 a5 28.Qd2 b6 29.g3 Rfd8
30.Re3 a4 31.Nc1 Qxd4 32.Rd3 Rxc1 33.Qxc1 Qxd3 34.Rxd3 Rxd3 35.Qc2 Rd4 36.Kf1 Bf8
37.a3 Bc5 38.h4 f4 39.h5 g5 40.Qe2 fxg3 41.fxg3 Rd6 42.Qe8+ Kg7 43.Qxa4 Rf6+
44.Ke1 Bf2+ 45.Ke2 Bxg3 46.Qd4 Bf2 47.Qg4 Bc5 48.b4 Be7 49.Qd4 Kg8 50.a4 Rd6
51.Qc4 Re6+ 52.Kf3 Rf6+ 53.Kg2 Rf4 54.Qc8+ Kg7 55.a5 bxa5 56.bxa5 Ra4 57.a6 Bf6
58.Qb7 Bd4 59.Qd7 Ra2+ 60.Kf3 Bg1 61.Qd3 Ra4 62.Kg2 Bd4  1/2-1/2

[Event "4th Open C Women"]
[Site "Moscow RUS"]
[Date "2008.02.06"]
[Round "5"]
[White "Burtasova,A"]
[Black "Kharmunova,N"]
[Result "0-1"]
[WhiteElo "2345"]
[BlackElo "2170"]

1.e4 c5 2.c3 Nf6 3.e5 Nd5 4.Bc4 Nb6 5.Bb3 c4 6.Bc2 Nc6 7.Nf3 Qc7 8.Qe2 g5
9.h3 Bg7 10.O-O g4 11.hxg4 Nxe5 12.Re1 d6 13.Nxe5 Bxe5 14.a4 Rg8 15.a5 Nd5
16.d4 Bxg4 17.Ba4+ Kd8 18.Qe4 Nf6 19.Qe3 Nd5 20.Qh6 Bg7 21.Qg5 Nf6 22.Na3 Bh8
23.Qe3 e6 24.b3 cxb3 25.Nb5 Qc6 26.Qg3 Bf3 27.Bg5 Ke7 28.Nxd6 Qxd6 29.Bxf6+ Bxf6
30.Qxf3 Rab8 31.Bxb3 Rg5 32.Bc2 h5 33.Be4 h4 34.d5 h3 35.Qxh3 Rh8 36.Qd3 Qh2+
37.Kf1 Qh1+ 38.Ke2 Qh5+ 39.Bf3 Re5+ 40.Kd2 Qg5+ 41.Re3 Rc8 42.d6+ Kd8 43.Rc1 Rxa5
44.Bxb7 Ra2+ 45.Ke1  0-1

[Event "4th Open C Women"]
[Site "Moscow RUS"]
[Date "2008.02.07"]
[Round "6"]
[White "Ushenina,A"]
[Black "Vasilkova,S"]
[Result "1-0"]
[WhiteElo "2484"]
[BlackElo "2359"]

1.e4 c5 2.c3 Nf6 3.e5 Nd5 4.Nf3 d6 5.d4 cxd4 6.cxd4 Nc6 7.Bc4 Nb6 8.Bb5 Bd7
9.Nc3 dxe5 10.dxe5 g6 11.h3 Bg7 12.Qe2 a6 13.Bd3 O-O 14.O-O Nb4 15.Be4 Na4
16.Rd1 Qc8 17.Bg5 Nxc3 18.bxc3 Nc6 19.Rab1 Re8 20.c4 Bf5 21.c5 a5 22.Rb6 Bxe4
23.Qxe4 a4 24.Rdb1 Ra7 25.a3 Qd7 26.Be3 Rd8  1-0

[Event "4th Open A"]
[Site "Moscow RUS"]
[Date "2008.02.09"]
[Round "8"]
[White "Demianjuk,A"]
[Black "Ageichenko,G"]
[Result "1/2-1/2"]
[WhiteElo "2305"]
[BlackElo "2397"]

1.e4 c5 2.c3 Nf6 3.e5 Nd5 4.d4 cxd4 5.Nf3 Nc6 6.cxd4 d6 7.Bc4 Nb6 8.Bb5 dxe5
9.Nxe5 Bd7 10.Nxd7 Qxd7 11.Nc3 e6 12.O-O Rd8 13.Qb3 Be7 14.Be3 O-O 15.Rfd1 Qc7
16.Rac1 Na5 17.Qc2 Rc8 18.Qe2 Qb8 19.d5 Nxd5 20.Nxd5 exd5 21.Bd2 Rxc1 22.Rxc1 Qd8
23.b4 Nc4 24.Bxc4 dxc4 25.Rxc4 Qd5 26.Rc2 Bd6 27.b5 h6 28.g3 Bc5 29.Qc4 Qxc4
30.Rxc4 b6 31.Bb4 Bxb4 32.Rxb4 Rd8 33.Ra4 Rd7 34.Kg2 f5 35.Kf3 Kf7 36.h4 Kf6
37.Ke3 g5 38.Rc4 Ke5 39.f4+ gxf4+ 40.gxf4+ Kd5 41.Rd4+ Ke6  1/2-1/2

[Event "KNSB TCh-NED 2007-8"]
[Site "Netherlands NED"]
[Date "2008.02.09"]
[Round "6"]
[White "Lemmers,O"]
[Black "Van der Weide,K"]
[Result "1/2-1/2"]
[WhiteElo "2386"]
[BlackElo "2483"]

1.e4 c5 2.c3 Nf6 3.e5 Nd5 4.Nf3 Nc6 5.d4 cxd4 6.Bc4 Nb6 7.Bb3 d5 8.exd6 Qxd6
9.O-O Be6 10.Bxe6 Qxe6 11.Nxd4 Nxd4 12.Qxd4 Rd8 13.Qh4 Qe2  1/2-1/2

[Event "4th Open C Women"]
[Site "Moscow RUS"]
[Date "2008.02.10"]
[Round "9"]
[White "Ushenina,A"]
[Black "Krush,I"]
[Result "1-0"]
[WhiteElo "2484"]
[BlackElo "2473"]

1.e4 c5 2.c3 Nf6 3.e5 Nd5 4.Nf3 Nc6 5.Bc4 Nb6 6.Bb3 c4 7.Bc2 Qc7 8.Qe2 g5
9.e6 dxe6 10.Nxg5 Qe5 11.d4 cxd3 12.Bxd3 Qxe2+ 13.Bxe2 Bg7 14.Nd2 e5 15.Nc4 Nd5
16.Ne3 Nf4 17.Bc4 f6 18.Ne4 e6 19.g3 Ng6 20.h4 h5 21.O-O f5 22.Ng5 Ke7 23.Rd1 e4
24.Ng2 Nce5 25.Be2 Bd7 26.Nf4 Nxf4 27.Bxf4 Ba4 28.b3 Bc6 29.Bc1 Rad8 30.Ba3+ Kf6
31.Bc5 Nd3 32.Bd4+ e5 33.Bxa7 Bh6 34.Be3 f4 35.Bxd3  1-0

[Event "FSGM February"]
[Site "Budapest HUN"]
[Date "2008.02.11"]
[Round "10"]
[White "Arngrimsson,D"]
[Black "Bui Vinh"]
[Result "1-0"]
[WhiteElo "2359"]
[BlackElo "2482"]

1.e4 c5 2.c3 Nf6 3.e5 Nd5 4.d4 cxd4 5.Nf3 d6 6.cxd4 e6 7.Bc4 Nc6 8.O-O Be7
9.a3 O-O 10.Bd3 Bd7 11.Re1 Rc8 12.Qe2 a6 13.h4 f5 14.exf6 Nxf6 15.Nc3 d5
16.Bc2 Bd6 17.Qd3 g6 18.Bh6 Rf7 19.Bg5 Qf8 20.Ne5 Bxe5 21.dxe5 Ng4 22.Qg3 Rxf2
23.Bd1 Ncxe5 24.Bxg4 Nxg4 25.Qxg4 Rxb2 26.Nd1 Rbc2 27.Ne3 R2c7 28.Qg3 Rc3
29.Qe5 Qc5 30.Bh6 Qe7 31.Nxd5  1-0

[Event "79th ch-GER"]
[Site "Bad Woerishofen GER"]
[Date "2008.02.15"]
[Round "1"]
[White "Sieber,P"]
[Black "Schuetze,N"]
[Result "1/2-1/2"]
[WhiteElo "2236"]
[BlackElo "2317"]

1.e4 c5 2.c3 Nf6 3.e5 Nd5 4.d4 cxd4 5.cxd4 e6 6.Nf3 d6 7.a3 Bd7 8.Bd3 Bc6
9.O-O Nd7 10.Nbd2 dxe5 11.dxe5 Nc5 12.Bc4 Nf4 13.Nb3 b5 14.Bxf4 bxc4 15.Nxc5 Bxc5
16.Qxd8+ Rxd8 17.Rfc1 Bd5 18.Kf1 O-O 19.Nd2 f6 20.Be3 Bxe3 21.fxe3 Bxg2+
22.Ke2 Bb7 23.Rc2 Ba6 24.Nxc4 fxe5 25.Rac1 e4 26.Rc3 Rd5 27.Rf1 Rfd8 28.Rf4 Rd2+
29.Ke1 Rxh2 30.Rxe4 Rh1+ 31.Kf2 Rf8+ 32.Rf4 Rxf4+ 33.exf4 Bxc4 34.Rxc4 Rh2+
35.Kf3 Rxb2 36.Rc8+ Kf7 37.Rc7+ Kf6 38.Rxa7 h5 39.Ra5 g6 40.Kg3 Rb3+ 41.Kf2 h4
42.Kg2 h3+ 43.Kh2 Rc3 44.a4 Ra3 45.Ra8 Kf5 46.Rf8+ Kg4 47.Rf6 Ra2+ 48.Kh1 Re2
49.a5 e5 50.fxe5 g5 51.Rf1 Rxe5 52.Ra1 Re7 53.a6 Ra7 54.Kh2 Kh4 55.Ra3 g4
56.Ra4 Kg5 57.Kg3 Kf5 58.Rf4+  1/2-1/2

[Event "Aeroflot Open A2"]
[Site "Moscow RUS"]
[Date "2008.02.15"]
[Round "2"]
[White "Ushenina,A"]
[Black "Dvoirys,S"]
[Result "1-0"]
[WhiteElo "2484"]
[BlackElo "2549"]

1.e4 c5 2.c3 Nf6 3.e5 Nd5 4.Nf3 Nc6 5.Bc4 Nb6 6.Bb3 d5 7.exd6 Qxd6 8.Na3 a6
9.O-O e6 10.Qe2 Qc7 11.d4 cxd4 12.cxd4 Bxa3 13.bxa3 O-O 14.Qe4 Nd5 15.Ng5 Nf6
16.Qh4 Ne7 17.Ne4 Nxe4 18.Qxe4 Bd7 19.Bf4 Qc6 20.d5 Nxd5 21.Be5 Rac8 22.Rad1 Ne7
23.Qg4 Nf5 24.Bb2 Qc7 25.Rfe1 Bb5 26.Re5  1-0

[Event "2nd Int Open Congress"]
[Site "Brentwood ENG"]
[Date "2008.02.16"]
[Round "2"]
[White "Sathyanandha,Sa"]
[Black "Munson,S"]
[Result "0-1"]
[WhiteElo "1908"]
[BlackElo "2191"]

1.e4 c5 2.c3 Nf6 3.e5 Nd5 4.d4 cxd4 5.Nf3 e6 6.cxd4 d6 7.Nc3 Nxc3 8.bxc3 Qc7
9.Qc2 Nd7 10.exd6 Bxd6 11.Bd3 b6 12.Bd2 Bb7 13.Be4 Bxe4 14.Qxe4 O-O 15.O-O Qc4
16.Rfe1 Rac8 17.Ng5 Nf6 18.Qf3 Qd5 19.Ne4 Nxe4 20.Qxe4 Qxe4 21.Rxe4 Rc4 22.Rc1 Rfc8
23.Kf1 b5 24.Ke2 Ba3 25.Rc2 Kf8 26.f4 g6 27.Kd3 h5 28.h3 Ke7 29.Be1 Bd6 30.g3 Kd7
31.h4 a5 32.Ree2 Kc6 33.Rb2 Kb6 34.Rb1 Ka6 35.Reb2 Rb8 36.Rc2 Ba3 37.Rb3 Bd6
38.Rb1 a4 39.Bd2 Ba3 40.Bc1 Be7 41.Bd2 Ba3 42.Bc1 Bd6 43.Bd2 a3 44.Rcc1 Rbc8
45.Be3 b4 46.cxb4 Kb5 47.Bd2 Rxc1 48.Rxc1 Rxc1 49.Bxc1 Bxb4 50.Bd2 Bxd2 51.Kxd2 Kc4
52.Ke3 f5 53.Ke2 Kxd4 54.Kd2 e5 55.fxe5 Kxe5 56.Ke3 Ke6 57.Kf3 Kf7 58.Ke3 Ke6
59.Kf3 Kd5 60.Ke3 Kc4 61.Ke2 Kd4  0-1

[Event "79th ch-GER"]
[Site "Bad Woerishofen GER"]
[Date "2008.02.17"]
[Round "3"]
[White "Sieber,P"]
[Black "Bastian,H"]
[Result "1/2-1/2"]
[WhiteElo "2236"]
[BlackElo "2385"]

1.e4 c5 2.c3 Nf6 3.e5 Nd5 4.d4 cxd4 5.cxd4 e6 6.Nf3 d6 7.a3 Bd7 8.Bd3 Bc6
9.O-O Nd7 10.b4 b5 11.Nbd2 Nf4 12.Be4 Qc7 13.Re1 Rd8 14.Qb3 Be7 15.Bxc6 Qxc6
16.Ne4 dxe5 17.dxe5 Qd5 18.Qxd5 Nxd5 19.Bg5 f6 20.exf6 gxf6 21.Be3 Nxe3 22.Rxe3 Kf7
23.Rae1 a6 24.Ng3 Nf8 25.Nf5 Bd6 26.Nxd6+ Rxd6 27.Rc1 Nd7 28.g3 Ra8 29.Rc7 a5
30.Rb7 axb4 31.axb4 Rd5 32.Rc3 Ra4 33.Rc5 Rd1+ 34.Kg2 Rxb4 35.Rcxb5  1/2-1/2

[Event "2nd Int Open Congress"]
[Site "Brentwood ENG"]
[Date "2008.02.17"]
[Round "5"]
[White "Turner,Ma"]
[Black "Radovanovic,J"]
[Result "1-0"]
[WhiteElo "2482"]
[BlackElo "2340"]

1.e4 c5 2.c3 Nf6 3.e5 Nd5 4.g3 Nc6 5.Bg2 e6 6.Nf3 d6 7.exd6 Bxd6 8.O-O O-O
9.d4 cxd4 10.Nxd4 Nxd4 11.Qxd4 Qc7 12.Nd2 Bc5 13.Qe4 Nf6 14.Qe2 e5 15.Ne4 Nxe4
16.Qxe4 Rd8 17.Bg5 Re8 18.Rad1 a5 19.b3 Ra6 20.Qc4 Be6 21.Qb5 Rb8 22.Bd8 Rxd8
23.Qxb7 Bxf2+ 24.Kh1 Rxd1 25.Qxc7 Rad6 26.Qb8+ Rd8 27.Qxe5 Bg4 28.h4 h5 29.Kh2 R8d3
30.Qe8+ Kh7 31.Rxf2  1-0